[Event "HK-chT 1920 Master"]
[Site "Denmark"]
[Date "2020.03.01"]
[Round "6"]
[White "Jorgensen, Richardt"]
[Black "Smidt Nielsen, Henrik"]
[Result "0-1"]
[WhiteElo "1665"]
[BlackElo "1970"]
[PlyCount "94"]
[EventDate "2019.10.27"]
[EventType "team-tourn"]
[EventRounds "7"]
[EventCountry "DEN"]
[SourceTitle "EXT 2025"]
[Source "ChessBase"]
[SourceDate "2024.10.14"]
[SourceVersion "1"]
[SourceVersionDate "2024.10.14"]
[SourceQuality "1"]
[WhiteTeam "Dianalund"]
[BlackTeam "Koge III"]
[WhiteTeamCountry "DEN"]
[BlackTeamCountry "DEN"]

1. d4 Nf6 2. c4 g6 3. Nf3 Bg7 4. Nc3 0-0 5. e3 d6 6. Be2 Nbd7 7. 0-0 e5 8. Re1 c6 9. b3 e4 10. Nd2 d5 11. cxd5 cxd5 12. Ba3 Re8 13. Rc1 a6 14. f3 exf3 15. Bxf3 Nf8 16. Nf1 Ne6 17. Rc2 Ng5 18. Ng3 h5 19. Bc1 h4 20. Nf1 Bf5 21. Rf2 Rc8 22. Bd2 Bh6 23. h3 Rc6 24. Nh2 Bxh3 25. Ng4 Nxf3+ 26. gxf3 Nxg4 27. fxg4 Qd7 28. Qf3 Qxg4+ 29. Qxg4 Bxg4 30. Nxd5 f5 31. Nb4 Rc7 32. Nd3 Bg7 33. Nc5 Bf8 34. Nd3 Bd6 35. Nb2 Bg3 36. Nc4 Bxf2+ 37. Kxf2 b5 38. Ba5 Rc6 39. d5 Rc5 40. Bb4 Rxd5 41. Nd2 Rc8 42. e4 Rd4 43. a3 f4 44. e5 Be6 45. Ne4 Bxb3 46. Kf3 Bd5 47. Kxf4 Rcc4 0-1